| 000 | 01087cam a2200289 i 4500 | ||
|---|---|---|---|
| 001 | 67811 | ||
| 003 | Mx-PuUPA | ||
| 005 | 20220615101349.0 | ||
| 008 | 180824b2017 sp ad||| |||| 00| 0 spa d | ||
| 020 | _a9788484767893 | ||
| 040 |
_aMx-PuUPA _bspa _cMx-PuUPA _dMx-PuUPA _erda |
||
| 041 | 0 | _aspa | |
| 245 | 1 |
_aIntroducción a la contaminación de suelos / _ceditor científico, R. Jiménez Ballesta |
|
| 264 | 1 |
_aMadrid : _bEdiciones Mundi - Prensa, _c©2017 |
|
| 300 |
_axiii, 589 páginas : _bilustraciones, gráficas, diagramas, tablas ; _c24 cm. |
||
| 336 |
_2rdacontent _atexto _btxt |
||
| 337 |
_2rdamedia _asin medio _bn |
||
| 338 |
_2rdacarrier _avolumen _bnc |
||
| 650 | 4 | _aContaminación de suelos | |
| 650 | 4 |
_aSuelos _xContaminación |
|
| 700 | 1 |
_aJiménez Ballesta, R., _q(Raimundo) _eautor _eeditor _97896 |
|
| 942 |
_2ddc _cLI _h631.4 _iJ614 |
||
| 999 |
_c67811 _d67811 |
||